00822nam a2200217Ia 4500003000400000005001700004008004100021040000700062041000800069082002200077100002500099245010500124260004000229365001300269650002200282650003700304906010300341942001200444999001900456952012900475OSt20230519081131.0210423s2001 xx 000 0 und d cAL aeng a338.9 223bKAMU aKAMALA (M K)9109257 aU N Development co operation and the third world: study with special reference to the UNDP and india aNew DelhibManak Publicationsc2001 b415cINR aEconomics9109258 aEconomics of Development9109259 aco ; Development ; india ; N ; operation ; reference ; special ; study ; third ; U ; UNDP ; world: 2ddccBK c172519d172519 001040708MSWaSACPGbSACPGd2002-02-12eBook Worldg415.00l0o338.9 KAMUpPG019069r2022-08-24 00:00:00w2021-04-26yBK